Online Catalogue and eLibrary

The aesthetic as the science of expression and of the linguistic in general (Record no. 3050)

MARC details
000 -LEADER
fixed length control field 00517nam a2200193Ia 4500
005 - DATE AND TIME OF LATEST TRANSACTION
control field 20240909031644.0
008 - FIXED-LENGTH DATA ELEMENTS--GENERAL INFORMATION
fixed length control field 240331s9999 xx 000 0 und d
020 ## - INTERNATIONAL STANDARD BOOK NUMBER
ISBN 0521359961
082 ## - DDC Classification
Item Number - Author Mark Cro
Class No. 700
100 ## - MAIN ENTRY--PERSONAL NAME
Personal name Croce, B
245 #4 - TITLE STATEMENT
Title The aesthetic as the science of expression and of the linguistic in general
260 ## - PUBLICATION, DISTRIBUTION, ETC.
Place of publication, distribution, etc. United Kingdom
Name of publisher, distributor, etc. Cambridge University Press
Date of publication, distribution, etc. 1992
300 ## - PHYSICAL DESCRIPTION
Extent (e.g. Volumes, Pages etc.) xxxiv, 172 p .,
650 ## - SUBJECT ADDED ENTRY--TOPICAL TERM
Topical term or geographic name entry element Art
650 ## - SUBJECT ADDED ENTRY--TOPICAL TERM
Topical term or geographic name entry element History
650 ## - SUBJECT ADDED ENTRY--TOPICAL TERM
Topical term or geographic name entry element Theoretical
650 ## - SUBJECT ADDED ENTRY--TOPICAL TERM
Topical term or geographic name entry element Aesthetic
942 ## - Koha item type (Biblio)
Koha item type Books in Stacks (Lending)
Holdings
Lost status Damaged status Collection code Home library Current library Shelving location Date acquired Full call number Accession Number Item type
    Lending WERC Library WERC Library Social Science Cupboard 03/31/2024 700 Cro 2849 Books in Stacks (Lending)

© WERC Library